| 000 | 00596nam a2200205 a 4500 | ||
|---|---|---|---|
| 005 | 20140414132015.0 | ||
| 008 | 040201s19uu xx 00 eng d | ||
| 020 | _a0-7302-0574-6 | ||
| 050 |
_aTR _bB43 1991 |
||
| 100 | _aLipson, Tony | ||
| 245 |
_aBenjamin goes to hospital / _cTony Lipson. |
||
| 260 |
_aNew Zealand : _bGolden, _c1991. |
||
| 300 | _ap. ; cm. | ||
| 500 | _aTR/PS | ||
| 520 | _aAn introduction to hospital for children and parents. | ||
| 650 |
_aHospitals _xJuvenile literature. |
||
| 650 |
_aChildren _xPreparation for medical care. |
||
| 999 |
_c113347 _d113347 |
||